Central Library OPAC University of Rajshahi

Unified Algebra and Trigonometry / (Record no. 69936)

MARC details
000 -LEADER
fixed length control field 00801nam a2200265 a 4500
001 - CONTROL NUMBER
control field 69936
003 - CONTROL NUMBER IDENTIFIER
rucl marc code BD-RjUL
005 - DATE AND TIME OF LATEST TRANSACTION
control field 20211209081940.0
008 - FIXED-LENGTH DATA ELEMENTS--GENERAL INFORMATION
fixed length control field 170415s1955 enka 001 0 eng d
035 ## - SYSTEM CONTROL NUMBER
System control number (BD-RjUL)70148
040 ## - CATALOGING SOURCE
Original cataloging agency DLC
Transcribing agency NmLcU
Modifying agency BD-RjUL
Language of cataloging eng
041 ## - LANGUAGE CODE
Language code of text/sound track or separate title eng
082 ## - DEWEY DECIMAL CLASSIFICATION NUMBER
Classification number 512
Edition number 23
Author mark and year VAU 1955
100 1# - MAIN ENTRY--PERSONAL NAME
Personal name Vance, Elbridge Putnam,
Dates associated with a name 1915-
9 (RLIN) 151127
245 10 - TITLE STATEMENT
Title Unified Algebra and Trigonometry /
Statement of responsibility, etc. Elbridge Putman Vance
260 ## - PUBLICATION, DISTRIBUTION, ETC. (IMPRINT)
Place of publication, distribution, etc. Cambridge, Mass :
Name of publisher, distributor, etc. Addison-Wesley Pub. Co.,
Date of publication, distribution, etc. c1955.
300 ## - PHYSICAL DESCRIPTION
Pagination 354 p. :
Illustrations ill. ;
Size 22 cm.
500 ## - GENERAL NOTE
General note Includes Index.
650 #0 - SUBJECT ADDED ENTRY--TOPICAL TERM
Topical term or geographic name as entry element Algebra.
9 (RLIN) 207136
Topical term or geographic name as entry element Trigonometry.
9 (RLIN) 207137
856 ## - ELECTRONIC LOCATION AND ACCESS
Materials specified Addison-Wesley mathematics series
942 ## - ADDED ENTRY ELEMENTS (KOHA)
Source of classification or shelving scheme Dewey Decimal Classification
Koha item type Books
Holdings
Lost status Source of classification or shelving scheme Damaged status Not for loan Collection code Permanent Location Current Location Shelving location Date acquired Source of acquisition Cost, normal purchase price Total Checkouts Full call number Date last seen Copy number Koha item type
  Dewey Decimal Classification   Not For Loan Non-fiction Central Library, University of Rajshahi Central Library, University of Rajshahi Reading Room 29/01/1963 Zeitlinger 51.00   512 VAU 1955 15/04/2017 C-1 Books